Langues officielles et régionales d'Europe sur une carte - Statistiques

Statistiques générales
  • Ce quiz a été pris 50 058 fois
    50 012 depuis la dernière actualisation
  • Le résultat moyen est 34 sur 73
Réponses sur la Carte
Les réponses sont colorées sur une échelle allant du rouge au vert en fonction du pourcentage des utilisateurs qui les ont devinées à leur premier essai. Vous pouvez retrouver ces pourcentages ci-dessous.
 
Statistiques - réponses
Famille L1 L2 Langue % Correct
Germaniques 63 mil 197 mil Anglais
99%
Romanes 38 mil 38 mil Espagnol
99%
Romanes 71 mil 64 mil Français
99%
Germaniques 97 mil 63 mil Allemand
98%
Romanes 65 mil 17 mil Italien
98%
Romanes 10 mil - Portugais
98%
Slaves 106 mil 54 mil Russe
98%
Helléniques 11 mil - Grec
95%
Germaniques 11 mil 2.1 mil Suédois
95%
Germaniques 5.2 mil - Norvégien
93%
Slaves 32 mil - Ukrainien
93%
Turciques 12 mil - Turc
92%
Germaniques 22 mil - Néerlandais
91%
Slaves 38 mil - Polonais
91%
Romanes 24 mil 4.0 mil Roumain
91%
Germaniques 5.5 mil - Danois
87%
Germaniques 330 k - Islandais
86%
Slaves 21 mil - Serbo-Croate
86%
Romanes 4.0 mil 6.0 mil Catalan
84%
Romanes 30 k 95 k Corse
84%
Baltiques 1.7 mil - Letton
83%
Ouraliennes 1.1 mil - Estonien
82%
Slaves 10 mil - Tchèque
82%
Baltiques 3.0 mil - Lituanien
81%
Ouraliennes 13 mil - Hongrois
80%
Slaves 7.8 mil - Bulgare
79%
Slaves 5.2 mil - Slovaque
78%
Autres (Indo-Européennes) 5.8 mil - Albanais
76%
Celtiques 240 k 1.0 mil Irlandais
75%
Slaves 2.1 mil - Slovène
69%
Celtiques 562 k 188 k Gallois
68%
Aucune (isolat) 750 k - Basque
67%
Germaniques 336 k 50 k Luxembourgeois
67%
Slaves 1.4 mil - Macédonien
67%
Ouraliennes 5.4 mil - Finnois
66%
Celtiques 57 k - Gaélique écossais
66%
Slaves 3.3 mil - Biélorusse
61%
Sémitiques 520 k - Maltais
39%
Romanes 1.3 mil - Sarde
34%
Romanes 2.4 mil - Galicien
31%
Romanes 44 k - Romanche
31%
Nakho-daghestaniennes 1.4 mil - Tchétchène
23%
Ouraliennes 23 k - Same
22%
Germaniques 66 k - Féroïen
12%
Celtiques 230 2.0 k Mannois
12%
Turciques 4.3 mil - Tatar
12%
Germaniques 3.5 k - Frison du Nord
9%
Germaniques 470 k - Frison Occidental
9%
Turciques 480 k - Tatar de Crimée
7%
Indo-iraniennes 597 k - Ossète
6%
Celtiques 557 - Cornique
5%
Romanes 200 - Guernésiais
5%
Romanes 1.9 k 900 Jersiais
5%
Ouraliennes 500 k - Mari
5%
Nakho-daghestaniennes 300 k - Ingouche
4%
Slaves 70 k - Rusyn
4%
Nakho-daghestaniennes 117 k - Adyguéen
3%
Slaves 50 k - Cachoube
3%
Turciques 140 k - Gagaouze
3%
Romanes 41 k - Ladin
3%
Romanes 15 k - Mirandais
3%
Slaves 20 k - Sorabe
3%
Turciques 1.2 mil - Bachkir
2%
Nakho-daghestaniennes 530 k - Kabarde
2%
Mongoliques 80 k - Kalmouk
2%
Turciques 300 k - Karatchaï-balkar
2%
Ouraliennes 220 k - Komi-zyriène
2%
Ouraliennes 340 k - Oudmourte
2%
Turciques 1.1 mil - Tchouvache
2%
Nakho-daghestaniennes 49 k - Abaza
1%
Ouraliennes 120 k - Erzya
1%
Ouraliennes 2.0 k - Mokcha
1%
Turciques 87 k - Nogaï
1%
Aucun quiz correspondant
Distribution des résultats
% des personnes avec chaque résultat
Percentile par nombre de réponses
Votre historique - résultats
Vous n’avez pas pris ce quiz depuis la dernière actualisation